000 00963pam a22003135i 4500
001 17191033
003 EG-ScBUE
005 20250629095617.0
008 120301s2011 enka f 001 0 eng d
020 _a1107013607 (hardback)
020 _a9781107013605 (hardback)
040 _aEG-ScBUE
_beng
_erda
_cEG-ScBUE
_dEG-ScBUE
082 0 4 _a537
_bPUR
_222
100 1 _aPurcell, Edward M.,
_eauthor.
_929602
245 1 0 _aElectricity and magnetism /
_cEdward M. Purcell.
250 _aSecond edition.
264 1 _aCambridge :
_bCambridge University Press,
_c2011.
300 _axix, 484 pages :
_billustrations ;
_c24 cm
336 _2rdacontent
_atext
_btxt
337 _aunmediated
_2rdamedia
_bn
338 _avolume
_bnc
_2rdacarrier
500 _aIncludes index.
500 _aIncludes Appendices.
650 7 _aElectricity.
_929604
_2BUEsh
650 7 _aMagnetism.
_929605
_2BUEsh
653 _cApril2012
655 _vReading book
942 _2ddc
_cBB
999 _c16637
_d16637